[Event "TCh-SWE Elite 2012-13"]
[Site "Sweden SWE"]
[Date "2012.10.07"]
[Round "3"]
[White "Hultin,J"]
[Black "Blomqvist,E"]
[Result "0-1"]
[WhiteElo "2307"]
[BlackElo "2451"]

1.d4 d5 2.c4 c6 3.Nf3 Nf6 4.Qc2 dxc4 5.Qxc4 Bg4 6.Nc3 Nbd7 7.Bg5 Qb6 8.O-O-O e6
9.e4 Bb4 10.Bd3 O-O 11.h3 Bxf3 12.gxf3 c5 13.Be3 Rfc8 14.dxc5 Bxc5 15.Bxc5 Nxc5
16.Qb5 Nxd3+ 17.Qxd3 Qxf2 18.Kb1 Qg3 19.Qe3 Qc7 20.e5 Nd7 21.f4 Nb6 22.b3 Kf8
23.Rd3 Rd8 24.Rhd1 Rac8 25.Rxd8+ Rxd8 26.Rxd8+ Qxd8 27.Qc5+ Kg8 28.a4 h5
29.a5 Nd5 30.Nxd5 Qxd5 31.Qxd5 exd5 32.Kc2 f6 33.Kd3 fxe5 34.fxe5 g5 35.Kd4 g4
36.hxg4 h4  0-1

[Event "FSIM October 2012"]
[Site "Budapest HUN"]
[Date "2012.10.09"]
[Round "3.1"]
[White "Nguyen Huynh Minh Huy"]
[Black "Kojima,S"]
[Result "1/2-1/2"]
[WhiteElo "2438"]
[BlackElo "2307"]

1.d4 d5 2.c4 c6 3.Nf3 Nf6 4.Qc2 dxc4 5.Qxc4 Bg4 6.Nbd2 Nbd7 7.g3 e6 8.Bg2 Be7
9.O-O O-O 10.Re1 Rc8 11.Qb3 Qb6 12.Nc4 Qa6 13.h3 Bh5 14.g4 Bg6 15.Nfe5 Nxe5
16.Nxe5 Rfd8 17.Nxg6 hxg6 18.Be3 Nd5 19.Bd2 Nb6 20.Bc3  1/2-1/2

[Event "TATA 50th ch-IND National Premier 2012"]
[Site "Kolkata IND"]
[Date "2012.10.09"]
[Round "8.9"]
[White "Sethuraman,S"]
[Black "Sundararajan,K"]
[Result "1-0"]
[WhiteElo "2553"]
[BlackElo "2450"]

1.d4 d5 2.c4 c6 3.Nf3 Nf6 4.Qb3 e6 5.g3 Be7 6.Bg2 O-O 7.O-O Nbd7 8.Bf4 b6
9.Nc3 Bb7 10.cxd5 cxd5 11.Nb5 Ne4 12.Rfc1 a6 13.Bc7 Qe8 14.Nc3 b5 15.a4 Rc8
16.Ba5 Nxc3 17.Rxc3 Rxc3 18.Bxc3 Bc6 19.axb5 Bxb5 20.e3 Qb8 21.Bf1 Bxf1 22.Qxb8 Rxb8
23.Kxf1 Rb6 24.Ne1 f6 25.Nd3 Rc6 26.Ke2 Kf7 27.Kd2 Nb6 28.b3 Nc8 29.f3 Rb6
30.b4 Na7 31.Nc5 Nc6 32.Ra4 Nb8 33.e4 Bd6 34.Kd3 h5 35.Ra5 Rb5 36.Ra2 Rb6
37.f4 dxe4+ 38.Kxe4 Nc6 39.Ra4 Ne7 40.Nxa6 Nd5 41.Bd2 f5+ 42.Kd3 h4 43.Nc5 hxg3
44.hxg3 g5 45.fxg5 Bxg3 46.Ra7+ Kg6 47.Nd7 Nxb4+ 48.Kc4 Rc6+ 49.Kxb4 Rc2
50.Nf8+ Kh5 51.Rh7+ Kg4 52.g6  1-0

[Event "TCh-Belgrade Premier 2012"]
[Site "Belgrade SRB"]
[Date "2012.10.10"]
[Round "9.5"]
[White "Dinic,G"]
[Black "Vlatkovic,S"]
[Result "1-0"]
[WhiteElo "2250"]
[BlackElo "2330"]

1.Nf3 d5 2.d4 c6 3.c4 Nf6 4.Qb3 g6 5.Nc3 Bg7 6.Bf4 O-O 7.e3 Qa5 8.Nd2 c5
9.cxd5 cxd4 10.exd4 Na6 11.a3 e6 12.dxe6 Re8 13.Bc4 Bxe6 14.O-O b6 15.Be5 Ng4
16.Bxe6 Nxe5 17.Bd5 Nd3 18.Nc4  1-0

[Event "TCh-ROU League A 2012"]
[Site "Olanesti ROU"]
[Date "2012.10.10"]
[Round "5.2"]
[White "Miroiu,G"]
[Black "Aldea,L"]
[Result "1/2-1/2"]
[WhiteElo "2337"]
[BlackElo "2340"]

1.d4 d5 2.c4 c6 3.Nf3 Nf6 4.g3 dxc4 5.Bg2 b5 6.Ne5 Bb7 7.O-O e6 8.a4 a6 9.Nc3 Nd5
10.Ne4 Be7 11.Nc5 Bxc5 12.dxc5 Qe7 13.b3  1/2-1/2

[Event "TATA 50th ch-IND National Premier 2012"]
[Site "Kolkata IND"]
[Date "2012.10.14"]
[Round "13.4"]
[White "Kunte,A"]
[Black "Gopal,G"]
[Result "1/2-1/2"]
[WhiteElo "2518"]
[BlackElo "2544"]

1.d4 d5 2.c4 c6 3.Nf3 Nf6 4.Qb3 dxc4 5.Qxc4 Bg4 6.Nbd2 Nbd7 7.g3 e6 8.Bg2 Be7
9.O-O O-O 10.Qb3 Qb6 11.Nc4 Qa6 12.Re1 Rad8 13.a4 Bxf3 14.Bxf3 Nb6 15.Nxb6 Rxd4
16.e3 Rb4 17.Qc2 Qxb6 18.a5 Qb5 19.a6 bxa6 20.Qxc6 Qxc6 21.Bxc6 Rb6 22.Bf3 Nd7
23.Rd1 Nc5 24.Ra2 Rfb8 25.Be2 h6 26.Bc4 Rc6 27.Ra1  1/2-1/2

[Event "NIT Nagpur GM Open 2012"]
[Site "Nagpur IND"]
[Date "2012.10.16"]
[Round "1.11"]
[White "Fominyh,A"]
[Black "Raghunandan,K"]
[Result "1/2-1/2"]
[WhiteElo "2490"]
[BlackElo "2022"]

1.d4 d5 2.c4 c6 3.Nf3 Nf6 4.Qc2 g6 5.cxd5 cxd5 6.Nc3 Nc6 7.Bf4 Bg7 8.e3 O-O
9.Bb5 Bf5 10.Qa4 Qb6 11.O-O a6 12.Bxc6 bxc6 13.Qa3 Rfe8 14.Na4 Qb5 15.Be5 Bf8
16.Nc5 Ne4 17.Nxe4 Bxe4 18.Nd2 Bf5 19.Qc3 f6 20.Bg3 e6 21.a3 c5 22.dxc5 Qxc5
23.Qxc5 Bxc5 24.Rfc1 Rec8 25.Nb3 Bb6 26.Nd4 Bxd4 27.exd4 Rc4 28.Rxc4 dxc4
29.Bd6 Rd8 30.Be7 Rb8 31.Bb4 Be4 32.f3 Bd5 33.Kf2 Kf7 34.Ke3 Rb7 35.Rc1 Ke8
36.Rc2 Kd7 37.h4 Ke8 38.g4 Kf7 39.g5 Rd7 40.Rg2 Bc6 41.Bc3 Rd5 42.Rg3 f5
43.Rg1 e5 44.Rd1 f4+ 45.Kf2 exd4 46.Bxd4 Bd7 47.Rd2 Bf5 48.Bc3 Rxd2+ 49.Bxd2 Ke6
50.Bxf4 Kd5 51.Ke3 Bc2 52.Bb8 Bd1 53.Bc7 Kc6 54.Ba5 Kd5 55.Bc3 Bc2 56.Kd2 Bf5
57.Bf6 Bh3 58.Kc3 a5 59.Bd8 a4 60.Kb4 Bd7 61.Bf6 Bc6 62.Bc3 Be8 63.f4 Ke4
64.Kxc4 Bf7+ 65.Kc5 Kxf4 66.b4 axb3 67.a4 Be6 68.a5 Bc8 69.Kc4 Be6+ 70.Kd3 Kg4
71.Be1 Kh5 72.Kc3 h6 73.gxh6 Kxh6 74.Bd2+ Kh5 75.Bg5 Bd5 76.a6 Kg4 77.a7 Kh5
78.Bf6 Kg4 79.Kb4 b2 80.Bxb2 Kxh4  1/2-1/2

[Event "NIT Nagpur GM Open 2012"]
[Site "Nagpur IND"]
[Date "2012.10.18"]
[Round "4.8"]
[White "Karthikeyan,P2"]
[Black "Hossain,Enam"]
[Result "1-0"]
[WhiteElo "2401"]
[BlackElo "2481"]

1.d4 d5 2.c4 c6 3.Nf3 Nf6 4.Qb3 dxc4 5.Qxc4 Bg4 6.Nc3 Bxf3 7.gxf3 Nbd7 8.e4 e5
9.dxe5 Nxe5 10.Qe2 Bb4 11.f4 Ned7 12.Bd2 Qe7 13.e5 Bxc3 14.bxc3 Nd5 15.Bg2 O-O
16.c4 Nc7 17.Rb1 Nc5 18.O-O Rfd8 19.f5 Qd7 20.Be3 N7a6 21.Qg4 Qe8 22.Bg5 Qxe5
23.Bxd8 Rxd8 24.Rfe1 Qf6 25.Rbd1 Rf8 26.Re3 Nc7 27.Qf4 N7a6 28.h4 Ne6 29.Qg4 h5
30.Qxh5 Nd4 31.Qg5 Qxg5 32.hxg5 Nxf5 33.Re5 g6 34.Rd7 Rb8 35.Ra5 Nh4 36.Be4 Kf8
37.Re5 Kg8 38.Kh2 b6 39.Kg3  1-0

[Event "16th Unive Open"]
[Site "Hoogeveen NED"]
[Date "2012.10.20"]
[Round "2"]
[White "Heemskerk,W"]
[Black "Riemersma,L"]
[Result "1/2-1/2"]
[WhiteElo "2254"]
[BlackElo "2420"]

1.Nf3 d5 2.d4 Nf6 3.c4 c6 4.Qc2 dxc4 5.Qxc4 Bg4 6.Nbd2 Nbd7 7.g3 e6 8.Bg2 Be7
9.O-O O-O 10.b3 a5 11.a3 Rc8 12.Bb2 b5 13.Qc2 c5 14.Rac1 Qb6 15.Qb1 cxd4
16.Bxd4 Bc5 17.Qb2 Rfd8 18.b4 axb4 19.axb4 Bxd4 20.Nxd4 Ne5 21.Rxc8 Rxc8
22.h3 Nc4 23.Nxc4 Rxc4 24.Rc1 Bh5 25.g4 Bg6 26.Rxc4 bxc4 27.Qc3 h5 28.g5 Nd5
29.Qxc4 Nxb4 30.Nb5 Nc2 31.Qc6 Qd8 32.Qa8 Qxa8 33.Bxa8 h4 34.Kg2 Bf5 35.Nd6 Kf8
36.Be4 Bxe4+ 37.Nxe4 Nd4 38.e3 Nf5 39.Kf3 Ke7 40.Kg4 g6 41.Nd2 f6 42.Nf3 Nd6
43.gxf6+ Kxf6 44.Ng5 e5 45.e4 Nc4 46.Kxh4 Nb2 47.Nf3 Nd1 48.Kg3 Nc3 49.Nd2 Kg5
50.Nf3+ Kh5 51.Nxe5 Nxe4+ 52.Kf3 Ng5+ 53.Kg2 Ne6 54.Kg3 g5 55.Ng4 Nd4 56.Nf6+ Kg6
57.Ne4 Kh5 58.Nf6+  1/2-1/2

[Event "16th Unive Open"]
[Site "Hoogeveen NED"]
[Date "2012.10.22"]
[Round "4"]
[White "Lorscheid,G"]
[Black "Van Kampen,R"]
[Result "0-1"]
[WhiteElo "2267"]
[BlackElo "2570"]

1.d4 d5 2.c4 c6 3.Nf3 Nf6 4.Qc2 g6 5.Bf4 Bg7 6.e3 O-O 7.Nc3 c5 8.dxc5 Qa5
9.Rd1 dxc4 10.Bxc4 Qxc5 11.Qb3 Nc6 12.Qb5 Qxb5 13.Bxb5 Nh5 14.Bc7 Bg4 15.Bxc6 bxc6
16.Ba5 Rab8 17.b3 Rb6 18.Rc1 Ra6 19.Bb4 Bxc3+ 20.Rxc3 Nf6 21.Rc2 Bf5 22.Rb2 Nd5
23.Bc5 Ra5 24.Bd4 c5 25.Be5 f6 26.Bg3 e5 27.O-O Rb8 28.Rd2 Nc3 29.Nh4 Rxa2
30.Rxa2 Nxa2 31.Nxf5 gxf5 32.f4 e4 33.Ra1 Nc3 34.Rxa7 Rxb3 35.Rc7 Nd5 36.Rxc5 Rb1+  0-1

[Event "16th Unive Open"]
[Site "Hoogeveen NED"]
[Date "2012.10.22"]
[Round "4"]
[White "Guramishvili,S"]
[Black "Lindgren,P"]
[Result "1-0"]
[WhiteElo "2418"]
[BlackElo "2265"]

1.d4 d5 2.c4 c6 3.Nf3 Nf6 4.Nbd2 Bf5 5.g3 h6 6.Bg2 e6 7.O-O Nbd7 8.b3 Be7
9.Bb2 O-O 10.Ne5 a5 11.a3 Qc7 12.Nxd7 Nxd7 13.e4 dxe4 14.Nxe4 Nf6 15.Nd2 Rad8
16.Qc1 c5 17.dxc5 Qxc5 18.b4 axb4 19.axb4 Qb6 20.Nb3 Bxb4 21.c5 Qb5 22.Bxf6 gxf6
23.Ra7 Rb8 24.Rd1 Bd3 25.Bxb7 Rxb7 26.Rxb7 Qxb7 27.Rxd3 Qe4 28.Rd4 Qe1+ 29.Qxe1 Bxe1
30.Rc4  1-0

[Event "US Chess League 2012"]
[Site "ICC INT"]
[Date "2012.10.22"]
[Round "8"]
[White "Pellows,B"]
[Black "Barayev,Isaac"]
[Result "1-0"]
[WhiteElo "2084"]
[BlackElo "2102"]

1.d4 d5 2.c4 c6 3.Nf3 Nf6 4.Qb3 dxc4 5.Qxc4 Nbd7 6.g3 Nb6 7.Qd3 Be6 8.Nc3 Bc4
9.Qc2 Nbd5 10.Ne5 Ba6 11.Qb3 e6 12.e4 Nxc3 13.bxc3 Qa5 14.f3 Be7 15.Bxa6 Qxa6
16.Rb1 Rb8 17.Bf4 O-O 18.Qc4 b5 19.Qe2 Rbd8 20.O-O Qc8 21.a4 bxa4 22.Qc4 c5
23.Qxa4 cxd4 24.Nc6 Qd7 25.Nxe7+ Qxe7 26.cxd4 Nh5 27.Bd2 Qd6 28.Qxa7 Qxd4+
29.Qxd4 Rxd4 30.Be3 Rd3 31.Kf2 Rc8 32.Rfc1 Rdd8 33.e5 g6 34.Bg5 Rxc1 35.Rxc1 Ra8
36.g4 Ng7 37.Rd1 Ne8 38.Rd8 Ra2+ 39.Kg3 Kf8 40.Rb8 Ra7 41.Be3 Rc7 42.Bg5 Ra7
43.h4 Rc7 44.h5 Ra7 45.h6 Rc7 46.Kh4 Ra7 47.Be3 Rc7 48.Bg5 Ra7 49.Bd8 Ra3
50.Bc7 Ke7 51.Bd6+ Nxd6 52.exd6+ Kxd6 53.Rh8 Ke7 54.Rxh7 Ra8 55.Rg7 Rh8 56.Kg5 e5
57.h7 e4 58.fxe4  1-0

[Event "5th Douglas Martinez"]
[Site "Guarenas VEN"]
[Date "2012.10.25"]
[Round "1.2"]
[White "Rakhmanov,Ale"]
[Black "Prasca Sosa,R"]
[Result "1-0"]
[WhiteElo "2592"]
[BlackElo "2422"]

1.d4 d5 2.c4 c6 3.Nf3 Nf6 4.Qb3 g6 5.e3 Bg7 6.Nc3 O-O 7.Bd2 a6 8.a4 a5 9.Be2 e6
10.O-O Ne4 11.Be1 Nd6 12.c5 Nf5 13.Rd1 Nd7 14.e4 Ne7 15.Bd2 Nf6 16.Bd3 dxe4
17.Nxe4 Nxe4 18.Bxe4 Nd5 19.Ne5 f5 20.Bb1 Bxe5 21.dxe5 Qh4 22.Rc1 Rf7 23.Rc4 Qe7
24.h4 f4 25.Qh3 Bd7 26.Qg4 Kh8 27.Rfc1 Qf8 28.Qg5 f3 29.g3 b5 30.cxb6 Nxb6
31.Rg4 Nd5 32.h5 Rf5 33.Bxf5 gxf5 34.Rgc4 Qf7 35.h6 Rg8 36.Qh4 f4 37.Bxf4 Qf5
38.Bd2 Be8 39.Rd4 Rg6 40.Rcc4 Qb1+ 41.Bc1 Qf5 42.Rg4 Qd3 43.Qd8 Qd1+ 44.Kh2  1-0

[Event "39th ch-IND Premier w 2012"]
[Site "Jalgaon IND"]
[Date "2012.10.25"]
[Round "2.5"]
[White "Swati,M"]
[Black "Nimmy,A"]
[Result "0-1"]
[WhiteElo "2051"]
[BlackElo "2189"]

1.d4 d5 2.c4 c6 3.Nf3 Nf6 4.Qc2 e6 5.g3 Bd6 6.Bg2 Nbd7 7.O-O O-O 8.Rd1 Ne4
9.Ne5 f5 10.f3 Nef6 11.Nd3 Kh8 12.Bf4 Bxf4 13.Nxf4 Qe7 14.Nd2 e5 15.dxe5 Nxe5
16.cxd5 cxd5 17.Rac1 Nc6 18.Qc5 Qf7 19.Nb3 Be6 20.Nxe6 Qxe6 21.Qb5 Rf7 22.Nc5 Qe3+
23.Kh1 Nd4 24.Qd3 Qxd3 25.exd3 Re8 26.b4 Rfe7 27.Nb3 Ne2 28.Rc2 d4 29.Bf1 Nc3
30.Rdc1 Ncd5 31.Nxd4 g6 32.a3 Re1 33.Kg1 Kg7 34.Rxe1 Rxe1 35.Kf2 Ra1 36.Be2 Rxa3
37.Ne6+ Kf7 38.Nd8+ Ke8 39.Nxb7 Nxb4 40.Rc8+ Kd7 41.Rf8 Ke7 42.Rc8 Nxd3+
43.Bxd3 Rxd3 44.Ke2 Ra3 45.Rc7+ Ke6 46.Nd8+ Kd5 47.Rf7 Ra6 48.Ke3 Rd6 49.Nb7 Rd7
50.Rxf6 Rxb7 51.g4 fxg4 52.fxg4 Kc5 53.h4 a5 54.Kf4 Ra7 55.Kg5 a4 56.h5 gxh5
57.Kxh5 a3 58.Rf1 a2 59.Ra1 Ra6 60.g5 Kb4  0-1

[Event "5th Douglas Martinez"]
[Site "Guarenas VEN"]
[Date "2012.10.26"]
[Round "3.6"]
[White "Alvarez Pedraza,A"]
[Black "Aguero Jimenez,L"]
[Result "1/2-1/2"]
[WhiteElo "2526"]
[BlackElo "2436"]

1.d4 d5 2.Nf3 Nf6 3.c4 c6 4.Qb3 e6 5.g3 Nbd7 6.Bg2 Bd6 7.O-O O-O 8.Nc3 dxc4
9.Qxc4 Qe7 10.a4 e5 11.a5 exd4 12.Qxd4 Nc5 13.Bf4 Bxf4 14.Qxf4 Be6 15.Qb4 Rfe8
16.Nd4 a6 17.Rfd1 Rad8 18.Rd2 Rd7 19.Rad1 Nb3 20.Qxe7 Rdxe7 21.Nxb3 Bxb3
22.Rc1 g6 23.Rd4 Rd7 24.Rb4 Be6 25.h3 Nd5 26.Bxd5 cxd5 27.g4 Rc8 28.Rd1 Rc5
29.Rbd4 Re7 30.e4 dxe4 31.Nxe4 Rxa5 32.g5 Bb3 33.Nf6+ Kg7 34.h4 h6 35.f4 Rf5
36.R1d3 Be6 37.Rc3 Rxf6 38.gxf6+ Kxf6 39.Kf2 h5 40.Re3 Rc7 41.b4 Rc1 42.Kg2 Bc4
43.Rd6+ Kf5 44.Rd4 Kf6 45.Re5 Be6 46.Rc5 Rxc5 47.bxc5 Ke7 48.Kf3 Bd7 49.Re4+ Kd8
50.Ke3 Bc6 51.Re5 Bd7 52.Kd4 Be6 53.Re1 Kc7 54.Rb1 Kc6 55.Rb6+ Kc7 56.Ke4  1/2-1/2

[Event "TCh-FIN SM 2012-13"]
[Site "Espoo FIN"]
[Date "2012.10.28"]
[Round "5.5"]
[White "Salo,H"]
[Black "Fraser,S"]
[Result "0-1"]
[WhiteElo "2267"]
[BlackElo "2132"]

1.d4 d5 2.c4 c6 3.Nf3 Nf6 4.Qc2 dxc4 5.Qxc4 Bf5 6.g3 Nbd7 7.Bg2 e6 8.O-O Be7
9.Nc3 O-O 10.Re1 Ne4 11.e3 Nxc3 12.bxc3 Be4 13.Qe2 c5 14.Bh3 b6 15.Nd2 Bb7
16.e4 cxd4 17.cxd4 Nf6 18.Qd3 Bb4 19.a3 Ba5 20.Bg2 Qc8 21.Rd1 Qc3 22.Qb1 Qxd4
23.Bb2 Bc3 24.Nf3 Qc5 25.Rc1 Nxe4 26.Bxc3 Nxc3 27.Qd3 Rac8 28.Ng5 Qxg5 29.Rxc3 Rxc3
30.Qxc3 Rc8 31.Qe1 Bxg2 32.Kxg2 Qd5+ 33.Kg1 Rd8 34.a4 Qd2 35.Qe5 Qd4 36.Qe1 g6
37.h4 Rd5 38.Rc1 Qxa4 39.Rc8+ Kg7 40.Qc3+ Qd4 41.Qa3 Rc5 42.Ra8 Qd1+ 43.Kh2 Qd2
44.Qa1+ e5 45.Qf1 Rc2 46.Rxa7 Qxf2+ 47.Qxf2 Rxf2+ 48.Kg1 Rb2 49.Re7 Kf6 50.Rb7 h5
51.Kf1 b5  0-1

[Event "Chigorin Memorial"]
[Site "St Petersburg RUS"]
[Date "2012.10.28"]
[Round "2.59"]
[White "Solovyov,V"]
[Black "Yagupov,I"]
[Result "1/2-1/2"]
[WhiteElo "2265"]
[BlackElo "2465"]

1.Nf3 d5 2.d4 Nf6 3.c4 c6 4.Qc2 e6 5.g3 dxc4 6.Qxc4 b5 7.Qc2 Bb7 8.Bg2 Nbd7
9.Ne5 Qb6 10.Nxd7 Nxd7 11.Nc3 Rc8 12.O-O a6 13.Rd1 Be7 14.e4 O-O 15.Be3 Qc7
16.Qe2 Rfd8 17.Rac1 Qb8 18.f4 c5 19.d5 c4 20.e5 exd5 21.Nxd5 Bxd5 22.Bxd5 Nc5
23.Qh5 Rf8 24.Qh3 Rcd8 25.b4 Nd3 26.Be4 g6 27.Bxd3 Rxd3 28.Rxd3 cxd3 29.Rd1 Rd8
30.Qf1 Bxb4 31.Rxd3 Qc7 32.Qd1 Rxd3 33.Qxd3 Bc5 34.Kf2 h5 35.Qd5 Bxe3+ 36.Kxe3 Qc3+
37.Qd3 Qc5+ 38.Ke4 Qc6+ 39.Ke3 Qc5+ 40.Ke4 Qg1 41.Qd8+ Kh7 42.Qd2  1/2-1/2

[Event "Chigorin Memorial"]
[Site "St Petersburg RUS"]
[Date "2012.10.28"]
[Round "2.161"]
[White "Nasybullina,Alfia"]
[Black "Levdansky,Alexey"]
[Result "1-0"]
[WhiteElo "2076"]
[BlackElo "1700"]

1.d4 d5 2.c4 c6 3.Nf3 Nf6 4.Qb3 e6 5.g3 Nbd7 6.Bg2 Be7 7.O-O O-O 8.Nc3 Re8
9.Rd1 dxc4 10.Qxc4 Nb6 11.Qb3 Nbd5 12.Ne5 Nxc3 13.bxc3 Bd6 14.Nc4 Bc7 15.Ba3 Nd5
16.e4 Nb6 17.Ne3 Qf6 18.c4 e5 19.c5 Nd7 20.d5 cxd5 21.exd5 e4 22.d6 Bd8 23.Qa4 Qg6
24.Rab1 Bf6 25.c6 bxc6 26.Qxc6 Nb6 27.Qxe8+  1-0

[Event "Chigorin Memorial"]
[Site "St Petersburg RUS"]
[Date "2012.10.28"]
[Round "2.110"]
[White "Matveeva,O"]
[Black "Maksimov,Dmitri"]
[Result "1-0"]
[WhiteElo "2219"]
[BlackElo "1982"]

1.d4 d5 2.c4 c6 3.Nf3 dxc4 4.e3 Be6 5.Be2 Nf6 6.O-O b5 7.a4 Qb6 8.Nbd2 Bf5
9.Ne5 Nbd7 10.f4 Nd5 11.Ndf3 Nxe5 12.Nxe5 f6 13.Ng4 e6 14.Nf2 Bg6 15.e4 Nc7
16.Bg4 Rd8 17.f5 Rxd4 18.Qe2 Bf7 19.Be3 e5 20.Bxd4 Qxd4 21.Rfd1 Qb6 22.Qd2 Be7
23.Qd7+ Kf8 24.Qc8+ Ne8 25.axb5 cxb5 26.Ra6 Qe3 27.Rc6 g5 28.fxg6 hxg6 29.Rc7 Bb4
30.Rf1 Kg7 31.Rd7 Rf8 32.Be6 Qb6 33.Bxf7 Rxf7 34.Qxe8 Rxd7 35.Qxd7+ Kf8 36.Kh1  1-0

[Event "e2e4 Basingstoke Int Open"]
[Site "Basingstoke ENG"]
[Date "2012.10.29"]
[Round "5.5"]
[White "Merry,Alan B"]
[Black "Hanley,C"]
[Result "0-1"]
[WhiteElo "2221"]
[BlackElo "2406"]

1.d4 Nf6 2.c4 c6 3.g3 d5 4.Nf3 Bf5 5.Nc3 e6 6.Nh4 Bg4 7.h3 Bh5 8.Qb3 Qb6
9.g4 Bg6 10.c5 Qxb3 11.axb3 Na6 12.Bf4 Be7 13.e3 Nb4 14.Nxg6 hxg6 15.Ra4 a5
16.Be2 Nd7 17.Na2 Nxa2 18.Rxa2 e5 19.Bxe5 Nxe5 20.dxe5 Bxc5 21.Bd3 Kd7 22.Ke2 Rh4
23.Kf3 Ke6 24.Kg3 g5 25.Raa1 g6 26.Rae1 Kxe5 27.f4+ Kf6 28.Rh2 Bd6 29.Rf2 Re8
30.Rff1 Rhh8 31.Re2 gxf4+ 32.exf4 g5 33.Rfe1 Bxf4+ 34.Kg2 Re5 35.Rxe5 Bxe5
36.Rf1+ Ke6 37.Bf5+ Kd6 38.Ra1 b6 39.b4 Bxb2  0-1

[Event "Chigorin Memorial"]
[Site "St Petersburg RUS"]
[Date "2012.10.30"]
[Round "4.138"]
[White "Nazaretyan,Tigran"]
[Black "Berdashkevich,Svetlana"]
[Result "1-0"]
[WhiteElo "2121"]
[BlackElo "1825"]

1.d4 d5 2.c4 c6 3.Nf3 Nf6 4.Qc2 g6 5.Bf4 Bf5 6.Qb3 Qb6 7.e3 Na6 8.Be2 Nb4
9.Na3 Bg7 10.O-O O-O 11.Rac1 a5 12.c5 Qd8 13.Nb1 Qc8 14.h3 h6 15.Rfd1 g5
16.Bh2 Ne4 17.Nc3 Kh8 18.Na4 Bxh3 19.gxh3 Qxh3 20.Nc3 g4 21.Nxe4 gxf3 22.Bf1 Qg4+
23.Ng3 h5 24.a3 Na6 25.Qxb7 Bf6 26.Qxc6 h4 27.Bxa6 hxg3 28.fxg3 e6 29.Bf1 Kg7
30.Qd6 Rh8 31.Qf4 Qh5 32.g4 Qh4 33.Rc2 Rag8 34.c6 Kf8 35.Qxf3 Rxg4+ 36.Kh1 Rg3
37.Qf4 Rg4 38.Qf2 Qh7 39.c7 Bh4 40.c8=Q+ Kg7 41.Qf3 Rg5 42.Qc7  1-0

[Event "Chigorin Memorial"]
[Site "St Petersburg RUS"]
[Date "2012.10.31"]
[Round "5.68"]
[White "Yagupov,I"]
[Black "Belenkaya,D"]
[Result "1-0"]
[WhiteElo "2465"]
[BlackElo "2189"]

1.d4 d5 2.c4 c6 3.Nf3 Nf6 4.Qb3 e6 5.Bg5 Nbd7 6.Nc3 h6 7.Bxf6 Qxf6 8.e4 dxc4
9.Bxc4 b5 10.Be2 e5 11.d5 Nc5 12.Qc2 b4 13.Na4 b3 14.axb3 Nxa4 15.Rxa4 cxd5
16.Bb5+ Bd7 17.Bxd7+ Kxd7 18.O-O d4 19.Rc1 Bd6 20.Qc6+ Ke6 21.Qd5+ Ke7 22.Qb7+ Ke6
23.Ra6 Rhd8 24.Rc7 Qf4 25.Qd5+  1-0

[Event "Chigorin Memorial"]
[Site "St Petersburg RUS"]
[Date "2012.10.31"]
[Round "5.52"]
[White "Demuth,A"]
[Black "Nikolova,A"]
[Result "1-0"]
[WhiteElo "2479"]
[BlackElo "2290"]

1.d4 d5 2.c4 c6 3.Nf3 Nf6 4.Qc2 dxc4 5.e4 b5 6.b3 Bg4 7.bxc4 Bxf3 8.gxf3 Qxd4
9.cxb5 Qxa1 10.bxc6 Nbd7 11.c7 Rc8 12.Ba6 Nb6 13.Bxc8 Nxc8 14.Qc6+ Nd7 15.Qb7 Ndb6
16.Qc6+ Nd7 17.O-O Qd4 18.Be3 Qd6 19.Qb7 Ndb6 20.Bxb6 Nxb6 21.Rc1 f5 22.Rc6 Qd1+
23.Kg2 fxe4 24.c8=Q+ Nxc8 25.Qxc8+ Qd8 26.Qe6 exf3+ 27.Kh3 g6 28.Rc8 Bg7
29.Rxd8+ Kxd8 30.Qd5+ Kc7 31.Qc5+ Kd8 32.Qxa7 Rf8 33.Nd2 Rf5 34.Qa8+ Kd7
35.Nxf3 h5 36.Kg2 g5 37.Qg8 Bf6 38.Qg6 Ra5 39.Qxh5 Rxa2 40.Qg4+ Kd6 41.Nxg5 Ra8
42.Ne4+ Ke5 43.Nxf6 exf6 44.Qe2+ Kd6 45.Qd3+ Ke5 46.f4+  1-0

[Event "16th OIBM 2012"]
[Site "Bad Wiessee GER"]
[Date "2012.11.01"]
[Round "6.8"]
[White "Zude,A"]
[Black "Sumets,A"]
[Result "0-1"]
[WhiteElo "2461"]
[BlackElo "2627"]

1.d4 d5 2.c4 c6 3.Nf3 Nf6 4.Qc2 dxc4 5.Qxc4 Bf5 6.g3 e6 7.Bg2 Nbd7 8.O-O Be7
9.e3 O-O 10.Rd1 Qc7 11.Nc3 Ne4 12.Nxe4 Bxe4 13.Ne1 Bxg2 14.Kxg2 e5 15.Nf3 Rad8
16.e4 Bf6 17.Qc2 exd4 18.Nxd4 Nb6 19.Be3 Rfe8 20.a4 a6 21.Nf5 Nc8 22.f4 Ne7
23.e5 Nxf5 24.Qxf5 Be7 25.Qc2 g6 26.Rxd8 Rxd8 27.Rd1 Rd7 28.Bb6 Qc8 29.b3 c5
30.Rxd7 Qxd7 31.a5 Qd5+ 32.Kg1 h5 33.Qc4 Qd1+ 34.Kg2 Qd2+ 35.Kh3 Qd7+ 36.Kg2 h4
37.gxh4 Qg4+ 38.Kh1 Qxh4 39.Bxc5 Bxc5 40.Qxc5 Qxf4 41.Kg1 Qg4+ 42.Kf2 Qh4+
43.Kg2 Qe4+ 44.Kf2 Qh1 45.Qc7 Qxh2+ 46.Ke3 Qg3+ 47.Kd4 Qf2+ 48.Kd5 Qd2+ 49.Kc5 Qc3+
50.Kd6 Qxc7+ 51.Kxc7 g5 52.Kxb7 g4 53.Kxa6 g3 54.Kb7 g2 55.a6 g1=Q 56.a7 Qg2+
57.Kb8 f5 58.exf6 Qg3+ 59.Kb7 Qf3+ 60.Kb8 Qf4+  0-1

[Event "TCh-NOR Eliteserien 2012-13"]
[Site "Haraldsheim NOR"]
[Date "2012.11.02"]
[Round "5"]
[White "Romanov,E"]
[Black "Harestad,H"]
[Result "1-0"]
[WhiteElo "2616"]
[BlackElo "2286"]

1.d4 d5 2.Nf3 Nf6 3.c4 c6 4.Qb3 dxc4 5.Qxc4 Bf5 6.g3 e6 7.Bg2 Be7 8.O-O O-O
9.e3 Nbd7 10.Rd1 Rc8 11.Qe2 c5 12.Nc3 Bg4 13.h3 Bh5 14.g4 Bg6 15.Ne5 cxd4
16.exd4 Qc7 17.h4 h5 18.Nxg6 fxg6 19.Qxe6+ Kh8 20.Nb5 Qa5 21.a4 Rce8 22.g5 Bb4
23.Qb3 Ng4 24.f3 a6 25.fxg4 axb5 26.Qd3 Qb6 27.a5 Qe6 28.Bd2 Bd6 29.gxh5 gxh5
30.Re1 Qg4 31.Rxe8 Rxe8 32.Re1 Rxe1+ 33.Bxe1 Nb8 34.Qe4 Qxe4 35.Bxe4 Nc6
36.Bxc6 bxc6 37.a6  1-0

[Event "TCh-AUT 2012-13"]
[Site "Hohenems AUT"]
[Date "2012.11.02"]
[Round "1.2"]
[White "Weiss,C"]
[Black "Sebenik,M"]
[Result "0-1"]
[WhiteElo "2406"]
[BlackElo "2543"]

1.d4 d5 2.c4 c6 3.Nf3 Nf6 4.Qc2 dxc4 5.Qxc4 Bf5 6.g3 e6 7.Bg2 Be7 8.O-O O-O
9.Nbd2 Nbd7 10.e3 Rc8 11.Qe2 c5 12.h3 Bg6 13.Nh4 Bh5 14.g4 Nd5 15.gxh5 Bxh4
16.Nf3 cxd4 17.exd4 Bf6 18.Qe4 Qc7 19.Rd1 Qc2 20.Qxc2 Rxc2 21.Ne1 Rc4 22.Bxd5 exd5
23.Be3 h6 24.Rd3 Rfc8 25.Rad1 Be7 26.Bd2 Nf6 27.Ng2 R4c6 28.Ne3 Rd8 29.Nf5 Bf8
30.Rb3 b6 31.Re1 Rc2 32.Bc3 Ne4 33.Ne3 Rxf2 34.Nxd5 Rxd5 35.Rxe4 Rf6 36.Re5 Rxe5
37.dxe5 Bc5+ 38.Kg2 Rf5 39.Kg3 Rxh5 40.a4 Rf5 41.a5 bxa5 42.Rb5 Bb4 43.Kg4 g6
44.Bd4 Be1 45.h4 h5+ 46.Kh3 Rf4 47.Rb8+ Kg7 48.Bc5 Rxh4+ 49.Kg2 Rc4 50.Bf8+ Kh7
51.Be7 Bh4 52.Bxh4 Rxh4 53.Rb7 Kg8 54.Rxa7 Rb4 55.Kf3 Rxb2 56.Rxa5 Rb3+ 57.Ke4 Rb4+
58.Kd5 Rb1 59.Ke4 Rf1 60.Ra2 Kg7 61.Kd4  0-1

[Event "2nd Novara Open A 2012"]
[Site "Novara ITA"]
[Date "2012.11.02"]
[Round "1.10"]
[White "Bergner,P"]
[Black "Marmili,G"]
[Result "0-1"]
[WhiteElo "1967"]
[BlackElo "2232"]

1.d4 d5 2.c4 c6 3.Nf3 dxc4 4.e3 b5 5.a4 e6 6.axb5 cxb5 7.b3 Qc7 8.bxc4 bxc4
9.Qa4+ Nd7 10.Bd2 Nf6 11.Ba5 Qb8 12.Bxc4 Bd6 13.Nc3 O-O 14.Rb1 Nb6 15.Qc2 Nxc4
16.Rxb8 Rxb8 17.e4 Nxa5 18.e5 Bb4 19.exf6 Ba6 20.Ng5 g6 21.Ne4 Rfd8 22.Qd2 Nb3
23.Qh6 Bf8 24.Qh3 Nxd4 25.f3 Rb2 26.Qg3 Nb5 27.O-O Nxc3 28.Nxc3 Bc5+ 29.Kh1 Bxf1  0-1

[Event "Chigorin Memorial"]
[Site "St Petersburg RUS"]
[Date "2012.11.02"]
[Round "7.90"]
[White "Mikheev,S"]
[Black "Nazaretyan,Tigran"]
[Result "0-1"]
[WhiteElo "2286"]
[BlackElo "2121"]

1.d4 d5 2.c4 c6 3.Nf3 Nf6 4.Qc2 g6 5.Bf4 Bf5 6.Qb3 Qb6 7.e3 Na6 8.Be2 Nh5
9.Bg5 h6 10.Bh4 g5 11.Bg3 Nxg3 12.hxg3 Bg7 13.cxd5 Nb4 14.Na3 Nxd5 15.Nc4 Qc7
16.Rc1 a5 17.a4 Be6 18.Nfe5 Nb4 19.Qd1 Rd8 20.Bg4 Bxc4 21.Nxc4 e5 22.Qe2 exd4
23.exd4+ Kf8 24.O-O Bxd4 25.Ne3 Qe5 26.Rcd1 Re8 27.Qf3 Bxe3 28.fxe3 Qxe3+
29.Qxe3 Rxe3 30.Bh5 Rh7 31.Rd8+ Re8 32.Rd7 Re7 33.Rd8+ Kg7 34.Ra8 b6 35.Rb8 Nd5
36.Rc1 Re6 37.Rc8 Nf6 38.Bf3 c5 39.Rd1 Rh8 40.Rc7 Rhe8 41.g4 R8e7 42.Rc8 Re1+
43.Kf2 Rxd1 44.Bxd1 Re4 45.Rc6 Re6 46.Rc7 Re4 47.Rc6 Rd4 48.Ke1 Rb4 49.b3 Nd5
50.Kf2 Nf4 51.g3 Rd4 52.Ke1 Nd3+ 53.Ke2 Nb4 54.Rc8 Rxg4 55.Kf3 Rd4 56.Be2 Nd3
57.Ke3 Ne5 58.Re8 Ng4+ 59.Kf3 f6 60.Bb5 Ne5+ 61.Kf2 Rb4 62.Re6 Rxb3 63.Rxb6 Rb2+
64.Kf1 h5 65.Rb7+ Kh6 66.Ra7 h4 67.gxh4 gxh4 68.Rxa5 c4 69.Ra8 c3 70.Rc8 c2
71.Ke1 Nf3+ 72.Kf1 Nd2+  0-1

[Event "Vizag GM Open 2012"]
[Site "Visakhapatnam IND"]
[Date "2012.11.02"]
[Round "10.7"]
[White "Lalith,B"]
[Black "Minhazuddin,A"]
[Result "1-0"]
[WhiteElo "2540"]
[BlackElo "2407"]

1.Nf3 d5 2.d4 Nf6 3.c4 c6 4.Qb3 e6 5.g3 Nbd7 6.Bg2 Qb6 7.Qc2 Bb4+ 8.Nbd2 e5
9.dxe5 Ng4 10.O-O Bc5 11.e3 O-O 12.Nb3 Be7 13.cxd5 cxd5 14.e4 Ndxe5 15.Nxe5 Nxe5
16.exd5 Bg4 17.Qe4 Bd6 18.Be3 Qb5 19.Nd4 Qd7 20.Rac1 Rae8 21.Qc2 Bh3 22.Rcd1 Bg4
23.Rde1 Rc8 24.Qb3 a6 25.Rc1 Rcd8 26.f4 Ng6 27.f5 Ne7 28.f6 gxf6 29.Rxf6 Be5
30.Rb6 Nxd5 31.Rxb7 Qd6 32.Bxd5 Qxd5 33.Nc6 Qxb3 34.Rxb3 Rde8 35.Bc5 Bg7
36.Bxf8 Bxf8 37.Rb8 Re2 38.Rc5 f6 39.Nd4 Rd2 40.Nf5 Rd1+ 41.Kf2 Bh3 42.Rcc8 Rf1+
43.Ke2 Rxf5 44.Rxf8+ Kg7 45.Rg8+ Kh6 46.Rb4  1-0

[Event "39th ch-IND Premier w 2012"]
[Site "Jalgaon IND"]
[Date "2012.11.03"]
[Round "11.5"]
[White "Meenakshi,Sub"]
[Black "Swati,M"]
[Result "1-0"]
[WhiteElo "2296"]
[BlackElo "2051"]

1.d4 d5 2.c4 c6 3.Nf3 Nf6 4.Qc2 g6 5.Bf4 Bg7 6.e3 Bf5 7.Bd3 Bxd3 8.Qxd3 dxc4
9.Qxc4 O-O 10.Nc3 Nbd7 11.O-O Nb6 12.Qb3 Nfd5 13.Bg5 Qd7 14.Ne4 e6 15.Nc5 Qc8
16.e4 Nf6 17.Rfe1 Nfd7 18.Rad1 Nxc5 19.dxc5 Nd7 20.Qc4 e5 21.Rd6 Re8 22.Red1 Nf8
23.Bh4 Qc7 24.Ng5 h6 25.Rd7 Nxd7 26.Qxf7+ Kh8 27.Rxd7  1-0